00663nam a2200181Ia 4500952016600000999001500166003000400181005001700185008004100202020001800243040000900261082002600270100002900296245004600325260004300371300000900414942005800423 00102ddc40708PUBLIC ADMINISTRATIONaMESbMEScSOCIAL SCIENCEd2019-02-20g750.00l0o352.3802854678 TRI/Ep32632r2019-02-20 00:00:00w2019-02-20yBKzGL40R1 c7218d7218OSt20200130133411.0190216s9999||||xx |||||||||||||| ||und|| a9788126133055 coclc a352.3802854678bTRI/E a Tripathi, Vishwas91130 0aE-Governance In India /cVishwas Tripathi bAnmol Publications,c2008.aNew Delhi: a264p cBK2ddch352.3802854678iTRI/Ek352.3802854678mTRI/E